ბათუმის შოთა რუსთაველის სახელმწიფო უნივერსიტეტის ბიბლიოთეკა

კიკლი კიკლი (ბიბ.ჩანაწერი № 42924)

000 -LEADER
fixed length control field 00631nam a2200217Ia 4500
001 - CONTROL NUMBER
control field 9640
003 - CONTROL NUMBER IDENTIFIER
control field GE_BSU
008 - FIXED-LENGTH DATA ELEMENTS--GENERAL INFORMATION
fixed length control field 181216s||||||||xx |||||||||||||| ||und||
040 ## - CATALOGING SOURCE
Transcribing agency GE_BSU
080 ## - UNIVERSAL DECIMAL CLASSIFICATION NUMBER
Universal Decimal Classification number 82-93
100 ## - MAIN ENTRY--PERSONAL NAME
Personal name მრევლიშვილი,მაყვალა
245 ## - TITLE STATEMENT
Title კიკლი კიკლი
245 ## - TITLE STATEMENT
Remainder of title საბავშვო ლექსები
260 ## - PUBLICATION, DISTRIBUTION, ETC.
Place of publication, distribution, etc. თბილისი
260 ## - PUBLICATION, DISTRIBUTION, ETC.
Name of publisher, distributor, etc. გულანი
260 ## - PUBLICATION, DISTRIBUTION, ETC.
Date of publication, distribution, etc. 1991
300 ## - PHYSICAL DESCRIPTION
Extent 13გვ.10სმ.
653 ## - INDEX TERM--UNCONTROLLED
Uncontrolled term კიკლი კიკლი
653 ## - INDEX TERM--UNCONTROLLED
Uncontrolled term საბავშვო ლექსები
942 ## - ADDED ENTRY ELEMENTS (KOHA)
Koha item type წიგნი
ეგზემპლარები
Withdrawn status Lost status Damaged status Not for loan Date acquired Barcode Date last seen Price effective from Koha item type
        2018-12-17 32657 2018-12-17 2018-12-17 წიგნი
        2018-12-17 32658 2018-12-17 2018-12-17 წიგნი